| 000 | 01174cam a22003257i 4500 | ||
|---|---|---|---|
| 001 | 41413 | ||
| 003 | Mx-PuUPA | ||
| 005 | 20250815120703.0 | ||
| 008 | 250815s2011 mx gr 001 0 spa d | ||
| 020 | _a9786070218385 | ||
| 040 |
_aMx-PuUPA _bspa _cMx-PuUPA _dMx-PuUPA _erda |
||
| 041 | 0 | _aspa | |
| 100 | 1 |
_aBeuchot, Mauricio, _d1950- _914180 _eautor |
|
| 245 | 1 | 0 |
_aHermeneútica y analogía en psicoanálisis : _buna aproximación psicológica / _cMauricio Beuchot, Ricardo Blanco, Ada Luz Sierra |
| 250 |
_aPrimera edición / _benero |
||
| 264 | 1 |
_aMéxico, D.F. : _bUniversidad Nacional Autónoma de México, _c2011 |
|
| 300 | 1 |
_a140 páginas ; _c21 cm |
|
| 336 |
_2rdacontent _atexto _btxt |
||
| 337 |
_2rdamedia _asin medio _bn |
||
| 338 |
_2rdacarrier _avolumen _bnc |
||
| 490 | 0 |
_aCuadernos del Seminario de Hermeneútica ; _v3 |
|
| 650 | 7 |
_2armarc _aHermeneútica analógica |
|
| 650 | 7 |
_2armarc _aPsicoanálisis _xMetodología |
|
| 650 | 7 |
_2armarc _aTeoría psicoanalítica |
|
| 700 | 1 |
_aBlanco, Ricardo, _eautor |
|
| 700 | 1 |
_aSierra, Ada Luz, _eautor |
|
| 942 |
_2ddc _cLI _h121.686 _iB567 |
||
| 999 |
_c73117 _d73117 |
||